Drei Tage Liebe

Αποθηκεύτηκε σε:
Λεπτομέρειες βιβλιογραφικής εγγραφής
Κύριος συγγραφέας: Lederer, Joe 1907-
Μορφή: Βιβλίο
Γλώσσα:German
Δημοσίευση: Muenchen : Klett, 1972
Σειρά:Lesen leicht gemacht
Θέματα:
Ετικέτες: Προσθήκη ετικέτας
Δεν υπάρχουν, Καταχωρήστε ετικέτα πρώτοι!

MARC

LEADER 00000nam a2200000 i 4500
001 1/85236
008 980318s1972 ger d
020 |a 3-12-559120-1 
035 |a 1997  |b 3  |c Μπερζαμάνη  |l 10034647 
040 |a GR-MY-UA  |b gre  |e aacr 
041 0 |a ger 
082 0 |a 833 
100 1 |a Lederer, Joe  |d 1907- 
245 1 0 |a Drei Tage Liebe /  |c Joe Lederer 
260 |a Muenchen :   |b Klett,   |c 1972 
300 |a 96 p. 
490 1 |a Lesen leicht gemacht  |v ; 55912 
650 0 0 |a Short stories, German. 
650 0 0 |a German fiction. 
650 0 0 |a German language  |x Readers. 
830 0 |a Lesen leicht gemacht 
852 |a INST  |b RHODES  |e 19980318  |h 833 LED  |p 005400010970  |q 005400010970  |t BK  |y 0 
901 |a BIBL-1998-1 
909 |a Ρ  |b 052297  |c 1997